Corona poética a S. M. y A. en su feliz enlace con sus augustos primos, los Sermos. Señores Duques de Cádiz y de Montpensier. (Record no. 153268)

MARC details
000 -LEADER
campo de control de longitud fija 00764nam a2200181 i 4500
001 - NÚMERO DE CONTROL
campo de control 153268
003 - IDENTIFICADOR DE NÚMERO DE CONTROL
campo de control ES-MaACL
005 - FECHA Y HORA DE LA ÚLTIMA TRANSACCIÓN
campo de control 20250727015755.0
008 - DATOS DE LONGITUD FIJA--INFORMACIÓN GENERAL
campo de control de longitud fija 990629s1846 sp |||| | spa d
245 00 - MENCIÓN DEL TÍTULO
Título Corona poética a S. M. y A. en su feliz enlace con sus augustos primos, los Sermos. Señores Duques de Cádiz y de Montpensier.
260 ## - PUBLICACIÓN, DISTRIBUCIÓN, ETC.
Lugar de publicación, distribución, etc. Madrid :
Nombre del editor, distribuidor, etc. [s.n.],
Fecha de publicación, distribución, etc. 1846 (
Fabricante Imp. de M. Rivadeneyra y Comp.)
300 ## - DESCRIPCIÓN FÍSICA
Extensión 55 p. ;
Dimensiones 22 cm.
530 ## - NOTA DISPONIBLE DE FORMULARIO FÍSICO ADICIONAL
Nota de formato físico adicional disponible Disponible en formato digital.
600 04 - PUNTO DE ACCESO ADICIONAL DE MATERIA--NOMBRE DE PERSONA
Nombre de persona Isabel
Numeración II,
Títulos y otros términos asociados al nombre Reina de España
9 (RLIN) 65524
852 4# - LOCALIZACIÓN
Ubicación ES-MaACL
Número de control de estantería T-34-F-1
Nota libre - Enc. hol.
-- - Enc. en un vol. facticio
856 4# - LOCALIZACIÓN Y ACCESO ELECTRÓNICOS
Identificador Uniforme de Recursos <a href="https://repositorio.bde.es/handle/123456789/16285 ">https://repositorio.bde.es/handle/123456789/16285 </a>
Nota pública Repositorio Institucional del Banco de España
Holdings
Estatus retirado Estado de pérdida Estado de daño No para préstamo Colección Biblioteca de origen Biblioteca actual Ubicación en estantería Fecha de adquisición Total de préstamos Signatura topográfica completa Código de barras Visto por última vez Precio de reemplazo Tipo de ítem Koha
        Colección de folletos Biblioteca del Ateneo de Madrid Biblioteca del Ateneo de Madrid Depósito folletos 17/01/2008   T-34-F-1 1160162 23/02/2023 23/02/2023 Folleto